Statistics for Homonyms Quiz #9

Click here to take the quiz!

General Stats

  • This quiz has been taken 25,794 times
  • The average score is 14 of 20

Answer Stats

Meaning #1Meaning #2Answer% Correct
French fry, to somePoker necessityChip
91%
StumbleVoyageTrip
89%
ViewedLumberjack toolSaw
88%
Burial placeSerious indeedGrave
84%
ApartmentNot curvyFlat
83%
Employ an index fingerSharp tipPoint
82%
Column's counterpartPaddle a boatRow
81%
Wooden roof supporterRay of lightBeam
80%
CommandOpposite of chaosOrder
78%
Of high qualityMonetary penaltyFine
77%
Be recumbentCommit perjuryLie
74%
Stood upCommon flowerRose
73%
Rectangular containerEngage in pugilismBox
71%
DisgustingTwelve dozenGross
63%
Hunter's preyPlace to get rocksQuarry
57%
ConflagrationTo sackFire
54%
DossierPrison escapee's toolFile
51%
Blunt weaponSocial associationClub
49%
Armoire, e.g.Group of top advisorsCabinet
47%
Grotto, e.g.To surrenderCave
47%

Score Distribution

Percentile by Number Answered

Percent of People with Each Score

Your Score History

You have not taken this quiz